000 00761nam a2200229Ii 4500
003 JO-AjNU
008 230605s9999||||xx |||||||||||||| ||und||
017 _a38723
020 _a9957-16-124-5
040 _aJO-AjNU
_bara
_erda
_cJO-AjNU
041 _aara
050 1 4 _aKMM106.5.F3962.2010
100 3 _a سامي ، فوزي محمد ,
_eauthor
_925286
245 0 0 _aالشركات التجارية : الأحكام العامة والخاصة
250 _aط9
264 3 1 _aعمان : دار الثقافة ، 2019
300 _a630ص
336 _atext
_btxt
_2rdacontent
337 _aunmediated
_bn
_2rdamedia
338 _avolume
_bnc
_2rdacarrier
650 4 _aقانون الشركات -- الشركات التجارية -- الشركة
_925287
999 _aA9437
_c13005
_d13005